The social construction of what? / (Record no. 120429)
[ view plain ]
| 000 -LEADER | |
|---|---|
| fixed length control field | 01518fam a2200313 a 4500 |
| 001 - CONTROL NUMBER | |
| control field | 2294118 |
| 003 - CONTROL NUMBER IDENTIFIER | |
| control field | ARRUPE |
| 005 - DATE AND TIME OF LATEST TRANSACTION | |
| control field | 20150827124423.0 |
| 008 - FIXED-LENGTH DATA ELEMENTS--GENERAL INFORMATION | |
| fixed length control field | 980918s1999 mau b 001 0 eng |
| 010 ## - LIBRARY OF CONGRESS CONTROL NUMBER | |
| LC control number | 98046140 |
| 020 ## - INTERNATIONAL STANDARD BOOK NUMBER | |
| International Standard Book Number | 067481200X (alk. paper) |
| 035 ## - SYSTEM CONTROL NUMBER | |
| System control number | (OCoLC)39936231 |
| 035 ## - SYSTEM CONTROL NUMBER | |
| System control number | (OCoLC)ocm39936231 |
| 035 ## - SYSTEM CONTROL NUMBER | |
| System control number | (NNC)2294118 |
| 040 ## - CATALOGING SOURCE | |
| Original cataloging agency | DLC |
| Transcribing agency | DLC |
| Modifying agency | NNC |
| -- | OrLoB-B |
| 050 00 - LIBRARY OF CONGRESS CALL NUMBER | |
| Classification number | BD175 |
| Item number | .H29 1999 |
| 082 00 - DEWEY DECIMAL CLASSIFICATION NUMBER | |
| Classification number | 121 |
| Edition number | 21 |
| 300 ## - PHYSICAL DESCRIPTION | |
| Dimensions | 25 cm. |
| 100 1# - MAIN ENTRY--PERSONAL NAME | |
| Personal name | Hacking, Ian. |
| 9 (RLIN) | 9944 |
| 245 14 - TITLE STATEMENT | |
| Title | The social construction of what? / |
| Statement of responsibility, etc | Ian Hacking. |
| 260 ## - PUBLICATION, DISTRIBUTION, ETC. (IMPRINT) | |
| Place of publication, distribution, etc | Cambridge, Mass : |
| Name of publisher, distributor, etc | Harvard University Press, |
| Date of publication, distribution, etc | 1999. |
| 263 ## - PROJECTED PUBLICATION DATE | |
| Projected publication date | 9905 |
| 300 ## - PHYSICAL DESCRIPTION | |
| Extent | x, 261 p. ; |
| 504 ## - BIBLIOGRAPHY, ETC. NOTE | |
| Bibliography, etc | Includes bibliographical references (p. [239]-256) and index. |
| 505 00 - FORMATTED CONTENTS NOTE | |
| Miscellaneous information | 1. |
| Title | Why Ask What? -- |
| Miscellaneous information | 2. |
| Title | Too Many Metaphors -- |
| Miscellaneous information | 3. |
| Title | What about the Natural Sciences? -- |
| Miscellaneous information | 4. |
| Title | Madness: Biological or Constructed? -- |
| Miscellaneous information | 5. |
| Title | Kind-making: The Case of Child Abuse -- |
| Miscellaneous information | 6. |
| Title | Weapons Research -- |
| Miscellaneous information | 7. |
| Title | Rocks -- |
| Miscellaneous information | 8. |
| Title | The End of Captain Cook. |
| 520 ## - SUMMARY, ETC. | |
| Summary, etc | Lost in the raging debate over the validity of social construction is the question of what, precisely, is being constructed. Facts, gender, quarks, reality? Is it a person? An object? An idea? A theory? Each entails a different notion of social construction, Ian Hacking reminds us. His book explores an array of examples to reveal the deep issues underlying contentious accounts of reality. |
| 650 #0 - SUBJECT ADDED ENTRY--TOPICAL TERM | |
| Topical term or geographic name as entry element | Knowledge, Sociology of. |
| 9 (RLIN) | 9945 |
| 900 ## - EQUIVALENCE OR CROSS-REFERENCE-PERSONAL NAME [LOCAL, CANADA] | |
| Numeration | TOC |
| 942 ## - ADDED ENTRY ELEMENTS (KOHA) | |
| Source of classification or shelving scheme | Library of Congress Classification |
| Koha item type | Monograph ( Printed materials) |
| Withdrawn status | Lost status | Source of classification or shelving scheme | Damaged status | Not for loan | Collection code | Home library | Current library | Shelving location | Date acquired | Total Checkouts | Full call number | Barcode | Date last seen | Price effective from | Koha item type |
|---|---|---|---|---|---|---|---|---|---|---|---|---|---|---|---|
| Library of Congress Classification | Main Collection | ARRUPE LIBRARY | ARRUPE LIBRARY | Main Collection | 23/04/2014 | BD175 .H29 1999 | 46500001643 | 02/09/2016 | 23/04/2014 | Monograph ( Printed materials) | |||||
| Library of Congress Classification | Main Collection | ARRUPE LIBRARY | ARRUPE LIBRARY | Main Collection | 27/08/2015 | BD175 .H29 1999 | 46500004120 | 02/09/2016 | 27/08/2015 | Monograph ( Printed materials) |